Radnica Čunovo

Saved in:
Bibliographic Details
Main Author: Rešetková, Monika (Author)
Other Authors: Schleicher, Alexander (Thesis advisor)
Format: Manuscript Book
Language:Slovak
Published: Bratislava 2021
Subjects:
Online Access:http://is.stuba.sk/zp/portal_zp.pl?podrobnosti=145894
Tags: Add Tag
No Tags, Be the first to tag this record!

MARC

LEADER 00000ntm a22000003a 4500
001 stuzp84137
003 SK-STU
005 20211108130338.1
007 ta
008 150427s2015----xo-----f-mn---000-0-slo-d
040 |a STU  |b slo 
041 0 |a slo 
100 1 |a Rešetková, Monika  |u 058180  |4 aut  |U FAD Fakulta architektúry a dizajnu  |T FAD Ústav architektúry občianskych budov  |X 93685  |U A8180  |Y 399  |7 93685 
242 0 1 |a Town Hall, Čunovo  |y eng 
245 1 0 |a Radnica Čunovo 
260 |c 2021  |a Bratislava 
650 4 |a radnica  |2 slo 
650 4 |a Čunovo  |2 slo 
650 4 |a sobášna sála  |2 slo 
650 4 |a Čunovo  |2 eng 
650 4 |a wedding hall  |2 eng 
650 4 |a townhall  |2 eng 
700 1 |a Schleicher, Alexander  |u 058180  |k Z1  |4 ths  |U FAD Fakulta architektúry a dizajnu  |T FAD Ústav architektúry občianskych budov  |X 472  |U A8180  |Y 399  |7 A000000472 
856 4 |u http://is.stuba.sk/zp/portal_zp.pl?podrobnosti=145894  |u https://opac.crzp.sk/?fn=detailBiblioForm&sid=6327E39BEACEDA03090604820365